000 01003nam a22002175i 4500
001 153485
003 ES-MaACL
005 20251003191618.0
008 990701 1839 fr |||| | fre d
040 _aAS
_bspa
_cCCPB | 3D
245 0 0 _aDictionnaire du commerce et des marchandises
_b: contenant tout ce qui concerne le commerce de terre et de mer /
_cpar Andarud ... [et al.] ; publié sous la direction de Guillaumin.
260 _aParis :
_bGuillaumin et Cie,
_c1839 (
_fImprimerie de Bourgogne et Martinet)
300 _a2 v. ;
_c27 cm.
594 1 _aPrecede al tít. : Encyclopédie du Commerçant.
597 1 _aT. I : 996 p., [1] h. de lám. pleg., [3] h. de mapa pleg. - T. II : [997]-2252 p., [3] h. de lám. pleg., [2] h. de mapa pleg.
650 0 7 _aComercio
_2embne
_911157
700 1 _aAndraud, Antoine.
_9154524
700 1 _aGuillaumin, Gilbert-Urbain,
_d1801-1864
_9154519
852 _aES-MaACL
_jB-3427-29
_z-- Enc. hol.
_z-- 2 t. en 3 v.
999 _c153485
_d153485